Southville International School and Colleges
Your cart is empty.
  • Cart
  • Lists
    Public lists Eva Luna New books Lux_list list_1
    Your lists Log in to create your own lists
  • Log in to your account
  • Your cookies
  • Search history
Southville International School and Colleges
  • Advanced search
  • Recent comments
  • Most popular
  • Libraries

Log in to your account

Log in with GOOGLE


If you do not have an external account, but do have a local account, you can still log in:

  1. Home
  2. MARC view: Nutrition essentials and diet therapy /
Normal view MARC view ISBD view

Nutrition essentials and diet therapy / (Record no. 25371)

[ view plain ]
MARC details
000 -LEADER
fixed length control field 00839nam a2200229 a 4500
005 - DATE AND TIME OF LATEST TRANSACTION
control field 20140310183619.0
008 - FIXED-LENGTH DATA ELEMENTS--GENERAL INFORMATION
fixed length control field 121112s19uu xx 00 eng d
020 ## - INTERNATIONAL STANDARD BOOK NUMBER
International Standard Book Number 9789812720535
050 ## - LIBRARY OF CONGRESS CALL NUMBER
Classification number RM 216
Item number .P67 2007
100 ## - MAIN ENTRY--PERSONAL NAME
Personal name Peckenpaugh, Nancy J.
245 ## - TITLE STATEMENT
Title Nutrition essentials and diet therapy /
Statement of responsibility, etc Nancy J. Peckenpaugh.
250 ## - EDITION STATEMENT
Edition statement 10th ed.
260 ## - PUBLICATION, DISTRIBUTION, ETC. (IMPRINT)
Place of publication, distribution, etc Singapore :
Name of publisher, distributor, etc Elsevier Saunders,
Date of publication, distribution, etc 2007.
300 ## - PHYSICAL DESCRIPTION
Extent 680 p. :
Other physical details ill. ;
Dimensions 25 cm.
500 ## - GENERAL NOTE
General note Includes index
520 ## - SUMMARY, ETC.
Summary, etc This [book] offers [an] approach to health care nutrition. Key updates include the latest developments in nutrition fundamentals, nutrition across the life span, and the nutritional management of chronic and acute illnesses.
521 ## - TARGET AUDIENCE NOTE
Target audience note
650 ## - SUBJECT ADDED ENTRY--TOPICAL TERM
Topical term or geographic name as entry element Nutrition
650 ## - SUBJECT ADDED ENTRY--TOPICAL TERM
Topical term or geographic name as entry element Diet therapy
942 ## - ADDED ENTRY ELEMENTS (KOHA)
Koha item type Books
Source of classification or shelving scheme Library of Congress Classification
Call number prefix Foreign
Holdings
Withdrawn status Lost status Source of classification or shelving scheme Damaged status Home library Current library Shelving location Date acquired Source of acquisition Total Checkouts Total Renewals Full call number Barcode Date last seen Date checked out Copy number Price effective from Koha item type
    Library of Congress Classification   College Library College Library General Circulation Section 11/12/2012   3 13 RM 216 .P67 2007 C15415 09/02/2019 07/23/2019 1 10/18/2013 Books

Nutrition essentials and diet therapy /

APA

Peckenpaugh N. J., . (2007). Nutrition essentials and diet therapy. Singapore: Elsevier Saunders.

Chicago

Peckenpaugh Nancy J, . 2007. Nutrition essentials and diet therapy. Singapore: Elsevier Saunders.

Harvard

Peckenpaugh N. J., . (2007). Nutrition essentials and diet therapy. Singapore: Elsevier Saunders.

MLA

Peckenpaugh Nancy J, . Nutrition essentials and diet therapy. Singapore: Elsevier Saunders. 2007.

  • Place hold
  • Print
  • Cite
  • Add to your cart (remove)
  • Save record
    BIBTEX Dublin Core MARCXML MARC (non-Unicode/MARC-8) MARC (Unicode/UTF-8) MARC (Unicode/UTF-8, Standard) MODS (XML) RIS
  • More searches
    Search for this title in:
    Other Libraries (WorldCat) Other Databases (Google Scholar) Online Stores (Bookfinder.com) Open Library (openlibrary.org)

Exporting to Dublin Core...

SOUTHVILLE LIBRARY

Southville International School and Colleges Library

1281 Tropical Ave. Cor. Luxembourg St., BF Homes International, Las Pinas City

Tel. No. 8256374 / 252358 Loc. 117/146

Powered by Koha